[Event "Sparkassen-Open A"]
[Site "Heusenstamm, Martinsee"]
[Date "2024.11.22"]
[Round "3.74"]
[White "Woestmann, Ulrich"]
[Black "Berstler, Tobias"]
[Result "1-0"]
[WhiteElo "1987"]
[BlackElo "1790"]
[PlyCount "77"]
[EventDate "2024.11.21"]
[WhiteTeam "SV Ahlen 1954 e. V."]
[BlackTeam "SK Bingen"]

1. e4 c6 2. d4 d5 3. exd5 cxd5 4. Nf3 Nf6 5. c3 Nc6 6. Ne5 a6 7. Bf4 g6 8. Nd2 Bg7 9. Ndf3 O-O 10. Be2 Bf5 11. O-O Rc8 12. Nh4 Bd7 13. Bd3 Nh5 14. Nxd7 Qxd7 15. Be3 e5 16. dxe5 Nxe5 17. Be2 Nf6 18. Bd4 Qc7 19. Nf3 Ned7 20. h3 Rfd8 21. Nh2 Nc5 22. Ng4 Nxg4 23. Bxg4 f5 24. Be2 Ne6 25. Bxg7 Qxg7 26. Re1 Nc5 27. Bf3 Ne4 28. Qb3 Kh8 29. Rad1 Rd7 30. Rxd5 Nd2 31. Qd1 Nxf3+ 32. Qxf3 Re7 33. Qd1 Rce8 34. Rxe7 Qxe7 35. Kf1 Qc7 36. Qd4+ Kg8 37. Rd7 Qe5 38. Qxe5 Rxe5 39. Rxb7 1-0

[Event "Sparkassen-Open A"]
[Site "Heusenstamm, Martinsee"]
[Date "2024.11.22"]
[Round "3.75"]
[White "Ahrends, Norbert"]
[Black "Rabiya, Karim"]
[Result "1-0"]
[WhiteElo "1979"]
[BlackElo "1778"]
[PlyCount "79"]
[EventDate "2024.11.21"]
[WhiteTeam "SK 1980 Gernsheim"]
[BlackTeam "SK Niederbrechen 1948"]

1. d4 Nf6 2. c4 e6 3. Nc3 Bb4 4. Qc2 O-O 5. a3 Bxc3+ 6. Qxc3 Ne4 7. Qc2 f5 8. Nf3 b6 9. g3 d6 10. Bg2 Bb7 11. Ng5 Qf6 12. Nf3 c5 13. dxc5 bxc5 14. O-O Nc6 15. Rb1 Nd4 16. Nxd4 cxd4 17. f3 Nc5 18. b4 Nd7 19. Bb2 Rac8 20. e3 Bd5 21. Bxd4 e5 22. Bb2 Bxc4 23. Rfc1 Nb6 24. Qd1 Qe6 25. Bc3 Nd5 26. Bd2 e4 27. fxe4 fxe4 28. Qh5 Qf6 29. Rxc4 Qf2+ 30. Kh1 Qxd2 31. Bxe4 Nf6 32. Qf5 Rce8 33. Bc6 Ne4 34. Qd5+ Kh8 35. Rxe4 Qc2 36. Rg1 Rc8 37. b5 Rf2 38. Rh4 Rcf8 39. Qe4 g5 40. Rxh7+ 1-0

[Event "Sparkassen-Open A"]
[Site "Heusenstamm, Martinsee"]
[Date "2024.11.22"]
[Round "3.76"]
[White "Wang, Simon"]
[Black "Calvi, Stefan"]
[Result "1/2-1/2"]
[WhiteElo "1749"]
[BlackElo "1978"]
[PlyCount "129"]
[EventDate "2024.11.21"]
[WhiteTeam "SF Dachau 1932 e.V."]
[BlackTeam "SV Oberursel"]

1. c4 Nf6 2. g3 g6 3. Bg2 c5 4. Nc3 Bg7 5. Nf3 O-O 6. O-O d6 7. d4 Nc6 8. dxc5 dxc5 9. Qxd8 Rxd8 10. Bf4 Be6 11. b3 Nh5 12. Rac1 Nxf4 13. gxf4 Rac8 14. Ne4 b6 15. Rfd1 h6 16. Ng3 f5 17. Rxd8+ Nxd8 18. Ne5 Bxe5 19. fxe5 Nf7 20. f4 Rd8 21. Nf1 g5 22. e3 gxf4 23. exf4 Rd4 24. Ne3 Rxf4 25. Bd5 Bxd5 26. Nxd5 Rg4+ 27. Kf1 Kf8 28. Re1 Re4 29. Rxe4 fxe4 30. Nc3 Nxe5 31. Nxe4 Kf7 32. Ke2 Kg6 33. h3 Kf5 34. Ke3 Nc6 35. Nc3 Ke5 36. Nb5 Kf5 37. Nc3 e6 38. Ne4 Ke5 39. Nf2 Kf5 40. Ne4 Nb4 41. Nd6+ Kf6 42. Nc8 Nxa2 43. Nxa7 Nc1 44. Nc8 Nxb3 45. Nxb6 Kg5 46. Nd7 Kh4 47. Nf8 Nd4 48. Nd7 Nb3 49. Nf8 Kxh3 50. Nxe6 h5 51. Kf3 Nd2+ 52. Kf4 h4 53. Ng5+ Kg2 54. Kg4 Nxc4 55. Kxh4 Nd2 56. Kg4 c4 57. Kf4 Kf2 58. Ne4+ Ke2 59. Nc3+ Kd3 60. Nb5 Nb3 61. Ke5 Na5 62. Kd5 Nb3 63. Ke5 Nd2 64. Kd5 Ne4 65. Kc6 1/2-1/2

[Event "Sparkassen-Open A"]
[Site "Heusenstamm, Martinsee"]
[Date "2024.11.22"]
[Round "3.77"]
[White "Mayorov, Daniel"]
[Black "Shah, Shrey"]
[Result "0-1"]
[WhiteElo "1977"]
[BlackElo "1753"]
[PlyCount "66"]
[EventDate "2024.11.21"]
[WhiteTeam "Sabt Frankfurter TV 1860"]
[BlackTeam "Amstelveen"]

1. e4 d6 2. Nf3 d5 3. Nc3 dxe4 4. Nxe4 Nf6 5. Nxf6+ exf6 6. d4 Bd6 7. Bd3 O-O 8. O-O Bg4 9. c3 Nd7 10. Kh1 Re8 11. Qc2 Nf8 12. Nd2 Be7 13. Ne4 f5 14. Nc5 f4 15. f3 Bc8 16. Bd2 b6 17. Na6 Bd6 18. Rfe1 Bb7 19. a3 Qh4 20. Nb4 c5 21. dxc5 Bxc5 22. Be4 Bf2 23. Bxf4 Bxe1 24. Bxb7 Rad8 25. g3 Qh3 26. Kg1 Bd2 27. Be4 Bxf4 28. gxf4 Ne6 29. Nd5 Nc5 30. Re1 Rxd5 31. Bxh7+ Kf8 32. Rxe8+ Kxe8 33. Qe2+ Qe6 0-1

[Event "Sparkassen-Open A"]
[Site "Heusenstamm, Martinsee"]
[Date "2024.11.22"]
[Round "3.78"]
[White "Pfarr, Michael"]
[Black "Kluge, Joscha"]
[Result "1-0"]
[WhiteElo "1954"]
[BlackElo "1703"]
[PlyCount "87"]
[EventDate "2024.11.21"]
[WhiteTeam "SK 1928 Mömbris"]
[BlackTeam "SC Bergen-Enkheim 1922"]

1. e4 c6 2. d4 d5 3. e5 c5 4. dxc5 Nc6 5. Bb5 e6 6. b4 Nge7 7. Bg5 Qc7 8. Nf3 Bd7 9. Bxe7 Bxe7 10. Bxc6 Bxc6 11. O-O b6 12. cxb6 Qxb6 13. c3 a5 14. Qd4 Qxd4 15. Nxd4 Bd7 16. b5 a4 17. Nd2 Bc5 18. N2f3 Ke7 19. Rfc1 Rhb8 20. Rab1 f6 21. Re1 Rb6 22. Rb2 Ra5 23. Reb1 fxe5 24. Nxe5 Bxd4 25. cxd4 Raxb5 26. Rxb5 Rxb5 27. Rxb5 Bxb5 28. a3 Kf6 29. f3 g6 30. Kf2 h5 31. Ke3 Kf5 32. h4 Be8 33. g4+ hxg4 34. fxg4+ Kf6 35. Kf4 Bb5 36. g5+ Kg7 37. Ng4 Kf7 38. Ke5 Be2 39. Ne3 Bf3 40. Kd6 Be4 41. Nc4 Bf5 42. Ne5+ Kg7 43. Nd7 Kf7 44. Nc5 1-0

[Event "Sparkassen-Open A"]
[Site "Heusenstamm, Martinsee"]
[Date "2024.11.22"]
[Round "3.80"]
[White "Richter, Gerald"]
[Black "Hildebrand, Azat"]
[Result "1-0"]
[WhiteElo "1957"]
[BlackElo "1591"]
[PlyCount "67"]
[EventDate "2024.11.21"]
[WhiteTeam "Siegener Schachverein 1878"]
[BlackTeam "TSG Oberschöneweide e.V."]

1. d4 d5 2. c4 e6 3. Nf3 c6 4. Nc3 dxc4 5. a4 Bb4 6. g3 b5 7. Bg2 Bb7 8. O-O a6 9. e4 Nd7 10. Qe2 Ngf6 11. e5 Ng8 12. Bg5 Ne7 13. Ne4 h6 14. Bd2 Bxd2 15. Nd6+ Kf8 16. Nxd2 Rb8 17. axb5 axb5 18. N2e4 Nc8 19. Qh5 Qe7 20. Nxb7 Rxb7 21. Ra6 Rb6 22. Rfa1 Qb4 23. Ra8 Rb8 24. Rxb8 Nxb8 25. Qh4 Kg8 26. Ra8 Qxb2 27. Rxb8 Kh7 28. Ng5+ Kg6 29. Be4+ f5 30. exf6+ Kxf6 31. Qf4+ Ke7 32. Rb7+ Kd8 33. Nxe6+ Ke8 34. Qf7# 1-0

[Event "Sparkassen-Open A"]
[Site "Heusenstamm, Martinsee"]
[Date "2024.11.22"]
[Round "3.82"]
[White "Stein, Tobias"]
[Black "Füssel, Jan Michael"]
[Result "0-1"]
[WhiteElo "2034"]
[BlackElo "1833"]
[PlyCount "66"]
[EventDate "2024.11.21"]
[WhiteTeam "SV Alsfeld"]
[BlackTeam "VSG 1880 Offenbach"]

1. e4 g6 2. Nc3 Bg7 3. g3 d6 4. Bg2 c5 5. f4 Nc6 6. d3 Nf6 7. Nf3 Bg4 8. h3 Bxf3 9. Bxf3 Qc8 10. Be3 e5 11. Qd2 a6 12. g4 exf4 13. Bxf4 Ne5 14. Bxe5 dxe5 15. g5 Nd7 16. Nd5 Qc6 17. h4 Nb6 18. h5 Nxd5 19. exd5 Qb6 20. c3 O-O-O 21. O-O-O h6 22. Kb1 hxg5 23. Qxg5 Bf6 24. Qg4+ Kb8 25. hxg6 Rhg8 26. Be4 fxg6 27. Rh6 g5 28. Rf1 Rd6 29. Qf5 Rf8 30. Qg6 Ka7 31. Rfh1 Be7 32. Qg7 Rf2 33. b3 Qa5 0-1

[Event "Sparkassen-Open A"]
[Site "Heusenstamm, Martinsee"]
[Date "2024.11.22"]
[Round "3.83"]
[White "Nickel, Jonas"]
[Black "Behr, Julian"]
[Result "0-1"]
[WhiteElo "1950"]
[BlackElo "1803"]
[PlyCount "38"]
[EventDate "2024.11.21"]
[WhiteTeam "Schachdrachen Büdingen-Wächtersb"]
[BlackTeam "Sfr.Mainz 1928"]

1. e4 e5 2. Nf3 Nc6 3. Bc4 Bc5 4. c3 Nf6 5. d4 exd4 6. O-O dxc3 7. e5 d5 8. exf6 dxc4 9. Qe2+ Be6 10. fxg7 Rg8 11. Nxc3 Qf6 12. Ne4 Qxg7 13. g3 Be7 14. Rd1 Bg4 15. Be3 Ne5 16. Ned2 Rd8 17. Bf4 Rxd2 18. Qxe5 Qxe5 19. Bxe5 Rxd1+ 0-1

[Event "Sparkassen-Open A"]
[Site "Heusenstamm, Martinsee"]
[Date "2024.11.22"]
[Round "3.84"]
[White "Stuhlmann, Florian"]
[Black "Wagner, Cosima Thien-An"]
[Result "0-1"]
[WhiteElo "1947"]
[BlackElo "1764"]
[PlyCount "148"]
[EventDate "2024.11.21"]
[WhiteTeam "SC Königsflügel Lindenholzhausen"]
[BlackTeam "TV Tegernsee"]

1. d4 d5 2. c4 dxc4 3. e4 e5 4. Nf3 Bb4+ 5. Nc3 exd4 6. Qxd4 Qxd4 7. Nxd4 Nf6 8. f3 a6 9. Bxc4 b5 10. Be2 c5 11. Nc2 Ba5 12. Bd2 Nc6 13. O-O-O O-O 14. Nd5 Nxd5 15. exd5 Bxd2+ 16. Rxd2 Nb4 17. Nxb4 cxb4 18. f4 Bf5 19. d6 Rac8+ 20. Kd1 Rc5 21. Bd3 Rfc8 22. Bxf5 Rc1+ 23. Ke2 Re8+ 24. Kf2 Rxh1 25. Rc2 Kf8 26. Rc6 g6 27. Bc8 Rb1 28. Rc2 a5 29. Ba6 Rd8 30. Rd2 Ra1 31. b3 a4 32. Bxb5 a3 33. d7 Rb1 34. g4 Rb2 35. Ke3 Ke7 36. Kd3 h5 37. h3 hxg4 38. hxg4 Rh8 39. Rd1 Rd8 40. Rd2 Rxd2+ 41. Kxd2 Rh8 42. Kd3 Rh2 43. Kc4 Rxa2 44. Kxb4 Rf2 45. Kxa3 Rxf4 46. Be2 Kxd7 47. b4 Kc6 48. Kb3 Kb6 49. Kc3 Re4 50. Bd1 Kb5 51. Bb3 f6 52. g5 Re3+ 53. Kc2 Kxb4 54. Bf7 fxg5 55. Bxg6 Kc4 56. Kd2 Kd4 57. Bf5 Re7 58. Bc8 Kd5 59. Kd3 Kd6 60. Kd4 Kc7 61. Bf5 Re1 62. Kd3 Kd8 63. Bg4 Ke7 64. Be2 Kf6 65. Ke3 Kf5 66. Kf3 Rxe2 67. Kxe2 Kg4 68. Kf2 Kh3 69. Kg1 Kg3 70. Kh1 Kh3 71. Kg1 g4 72. Kh1 g3 73. Kg1 g2 74. Kf2 Kh2 0-1

[Event "Sparkassen-Open A"]
[Site "Heusenstamm, Martinsee"]
[Date "2024.11.22"]
[Round "3.85"]
[White "Schulze, Fabian"]
[Black "Tietzen, Stefan"]
[Result "0-1"]
[WhiteElo "1828"]
[BlackElo "1942"]
[PlyCount "74"]
[EventDate "2024.11.21"]
[WhiteTeam "SC Steinbach"]
[BlackTeam "SK 1980 Gernsheim"]

1. d4 Nf6 2. c3 g6 3. Bg5 d5 4. Nd2 Nbd7 5. Bxf6 Nxf6 6. e3 Bg7 7. Bd3 O-O 8. Ne2 e5 9. dxe5 Ng4 10. Ng3 Nxe5 11. Be2 h5 12. Nf3 Re8 13. Qb3 a5 14. Rd1 c6 15. a4 Qe7 16. Nd4 h4 17. Nf1 h3 18. gxh3 Bxh3 19. Rg1 c5 20. Nb5 Be6 21. Qc2 Bf5 22. Qb3 c4 23. Qa3 Bd3 24. Qxe7 Rxe7 25. Nd2 Rd8 26. Nf3 Bxe2 27. Kxe2 Nd3 28. Rd2 Bf6 29. Nbd4 Nc5 30. Rgd1 Ne4 31. Rc2 Kg7 32. Rg1 Bxd4 33. Nxd4 Re5 34. Rcc1 Rh8 35. Rg2 Nc5 36. Ra1 Nd3 37. Rb1 Nf4+ 0-1

[Event "Sparkassen-Open A"]
[Site "Heusenstamm, Martinsee"]
[Date "2024.11.22"]
[Round "3.86"]
[White "Maerz, Maximilian"]
[Black "Kolar, Edvard"]
[Result "0-1"]
[WhiteElo "1914"]
[BlackElo "1771"]
[PlyCount "56"]
[EventDate "2024.11.21"]
[WhiteTeam "SC Heimbach-Weis/Neuwied e.V."]
[BlackTeam "KS Rícany 1925"]

1. d4 d5 2. c4 e6 3. Nf3 Nf6 4. Bg5 Nbd7 5. Nc3 c6 6. e3 Bb4 7. cxd5 exd5 8. Bd3 O-O 9. O-O a5 10. Ne5 h6 11. Bh4 Re8 12. f4 Be7 13. Qf3 c5 14. g4 cxd4 15. exd4 Qb6 16. g5 hxg5 17. Bf2 gxf4 18. Qxf4 Bd6 19. Nxd5 Qxb2 20. Rfe1 Bxe5 21. Nxf6+ Nxf6 22. dxe5 Ng4 23. Bd4 Qb4 24. Qe4 Bf5 25. Qxf5 Qxd4+ 26. Kg2 g6 27. Re4 Ne3+ 28. Rxe3 gxf5 0-1

[Event "Sparkassen-Open A"]
[Site "Heusenstamm, Martinsee"]
[Date "2024.11.22"]
[Round "3.87"]
[White "Köhlich, Viktor"]
[Black "Gieringer, Clemens"]
[Result "1/2-1/2"]
[WhiteElo "1816"]
[BlackElo "1901"]
[PlyCount "38"]
[EventDate "2024.11.21"]
[WhiteTeam "SC Matt im Park Ffm"]
[BlackTeam "Sfr.Mainz 1928"]

1. d4 d5 2. Nf3 c5 3. dxc5 e6 4. b4 a5 5. c3 b6 6. e3 bxc5 7. Bb5+ Bd7 8. Bxd7+ Nxd7 9. b5 a4 10. Bb2 Ngf6 11. O-O Be7 12. Qe2 O-O 13. Rd1 Qc7 14. c4 dxc4 15. Qxc4 Rfd8 16. Na3 Nd5 17. Rac1 Qa7 18. Qg4 N7f6 19. Qc4 Nd7 1/2-1/2

[Event "Sparkassen-Open A"]
[Site "Heusenstamm, Martinsee"]
[Date "2024.11.22"]
[Round "3.88"]
[White "Kulkovets, Roman"]
[Black "Zarriess, Benjamin"]
[Result "1-0"]
[WhiteElo "1853"]
[BlackElo "1751"]
[PlyCount "123"]
[EventDate "2024.11.21"]
[WhiteTeam "SAbt TuS Makkabi Ffm"]
[BlackTeam "Hamburg"]

1. e4 c6 2. d4 d5 3. Nc3 dxe4 4. Nxe4 Nf6 5. Nxf6+ exf6 6. c3 Bd6 7. Bd3 O-O 8. Ne2 Re8 9. Qc2 h6 10. Bd2 Nd7 11. O-O-O Nf8 12. Ng3 Qa5 13. Kb1 b5 14. Ne4 Be7 15. Rhe1 Qb6 16. Bxh6 Be6 17. Be3 Qb7 18. Bf4 Red8 19. Ng3 Bd6 20. Bxd6 Rxd6 21. Ne4 Rdd8 22. Nc5 Qb6 23. Bf5 Bxf5 24. Qxf5 Re8 25. Qg4 Qc7 26. Qg3 Qc8 27. Ne4 Qf5 28. f3 Re6 29. Kc1 Qd5 30. Kb1 a5 31. Nc5 Ree8 32. Re4 b4 33. cxb4 axb4 34. b3 Rec8 35. Re2 Qf5+ 36. Ne4 Ra3 37. Qd6 Qb5 38. Rc2 Rca8 39. Rdd2 Qf1+ 40. Rc1 Qb5 41. Qxc6 Qb8 42. Qd6 Qb5 43. d5 Qa5 44. Rcc2 Rd8 45. Qc5 Qa6 46. Qxb4 Ra8 47. Nc5 Qd6 48. g3 R3a7 49. Qf4 Qb6 50. d6 Nd7 51. Nxd7 Rxd7 52. Qd4 Qb7 53. Qd5 Qa6 54. Qc6 Qa7 55. Qc5 Qa6 56. Qc4 Qb6 57. Qd4 Qa6 58. Rc7 Rad8 59. Rxd7 Rxd7 60. Qc4 Qb6 61. Qc8+ Rd8 62. Qc7 1-0

[Event "Sparkassen-Open A"]
[Site "Heusenstamm, Martinsee"]
[Date "2024.11.22"]
[Round "3.89"]
[White "Berberich, Christoph"]
[Black "Althaus, Lennart"]
[Result "1-0"]
[WhiteElo "1892"]
[BlackElo "1711"]
[PlyCount "53"]
[EventDate "2024.11.21"]
[WhiteTeam "SK Freiburg-Zähringen 1887 e.V."]
[BlackTeam "TV-Großostheim 1900 e.V."]

1. d4 d5 2. Nf3 Nf6 3. e3 c6 4. Bd3 Bg4 5. Nbd2 Nbd7 6. b3 e6 7. h3 Bh5 8. O-O Be7 9. Bb2 O-O 10. c4 dxc4 11. bxc4 c5 12. Qc2 Bg6 13. Bxg6 hxg6 14. Ne5 Nxe5 15. dxe5 Nd7 16. f4 Qe8 17. Ne4 f5 18. exf6 Nxf6 19. Ng5 Bd6 20. Rad1 Bc7 21. Qf2 e5 22. Qh4 Nh5 23. g4 exf4 24. gxh5 gxh5 25. Rd7 Qxd7 26. Qxh5 Qf5 27. e4 1-0

[Event "Sparkassen-Open A"]
[Site "Heusenstamm, Martinsee"]
[Date "2024.11.22"]
[Round "3.90"]
[White "Büse, Ralf"]
[Black "Eitel, Luc"]
[Result "1/2-1/2"]
[WhiteElo "1889"]
[BlackElo "1742"]
[PlyCount "39"]
[EventDate "2024.11.21"]
[WhiteTeam "SC Ladja Roßdorf"]
[BlackTeam "SAbt SV Werder Bremen"]

1. d4 d5 2. Bf4 Nf6 3. e3 e6 4. Nd2 c5 5. c3 Bd6 6. Bg3 Qc7 7. Ngf3 Nbd7 8. Bxd6 Qxd6 9. Bd3 O-O 10. O-O e5 11. dxe5 Nxe5 12. Nxe5 Qxe5 13. Nf3 Qe7 14. h3 b6 15. Qe2 Bb7 16. Ba6 Rfe8 17. Rfd1 Rab8 18. Bxb7 Rxb7 19. Qb5 Qd7 20. Qxd7 1/2-1/2

[Event "Sparkassen-Open A"]
[Site "Heusenstamm, Martinsee"]
[Date "2024.11.22"]
[Round "3.91"]
[White "Donecker, Stefan"]
[Black "Dorfner, Jeremias"]
[Result "0-1"]
[WhiteElo "1803"]
[BlackElo "1882"]
[PlyCount "108"]
[EventDate "2024.11.21"]
[WhiteTeam "SAbt TuS Dotzheim"]
[BlackTeam "TV-Großostheim 1900 e.V."]

1. Nc3 Nf6 2. e4 d6 3. d3 g6 4. g3 e5 5. Bg2 Bg7 6. Nge2 O-O 7. Bg5 h6 8. Bd2 Nc6 9. Qc1 Kh7 10. O-O Be6 11. f4 Qd7 12. f5 gxf5 13. exf5 Bxf5 14. Nd5 Nxd5 15. Rxf5 Nde7 16. Rf2 f5 17. c3 Rab8 18. Qc2 Nd8 19. d4 e4 20. Raf1 d5 21. g4 Ng8 22. gxf5 Bf6 23. Bh3 Rf7 24. Kh1 Rg7 25. Rg1 Rxg1+ 26. Nxg1 Nf7 27. Qd1 Ng5 28. Bf1 Rf8 29. h4 Nf7 30. Qg4 Nh8 31. Nh3 Qg7 32. Ng5+ hxg5 33. hxg5 Bxg5 34. Bxg5 Nf7 35. Qh4+ Ngh6 36. Be7 Qg4 37. Qh2 Rg8 38. Be2 Qg3 39. Qxg3 Rxg3 40. Kh2 Rg8 41. Kh3 Ng5+ 42. Bxg5 Rxg5 43. Kh4 Rxf5 44. Rg2 Rf7 45. Rh2 Kg7 46. Bh5 Rf4+ 47. Kg3 Rf5 48. Bd1 Nf7 49. a4 a5 50. b4 axb4 51. cxb4 Nd6 52. b5 Rf6 53. Rc2 Nf5+ 54. Kh3 Rh6+ 0-1

[Event "Sparkassen-Open A"]
[Site "Heusenstamm, Martinsee"]
[Date "2024.11.22"]
[Round "3.93"]
[White "Fröhlich-Dill, Astrid"]
[Black "Röß, Jonas"]
[Result "0-1"]
[WhiteElo "1794"]
[BlackElo "1878"]
[PlyCount "110"]
[EventDate "2024.11.21"]
[WhiteTeam "SV 1920 Hofheim"]
[BlackTeam "SV Würzburg von 1865 e.V."]

1. d4 d5 2. c4 c6 3. e3 Nf6 4. Nf3 e6 5. Nc3 Nbd7 6. Bd3 dxc4 7. Bxc4 b5 8. Bd3 Bb7 9. Bd2 a6 10. O-O c5 11. dxc5 Nxc5 12. Be2 Bd6 13. Nd4 Nfe4 14. Nxe4 Nxe4 15. Rc1 Qh4 16. f4 O-O 17. Ba5 Bd5 18. Bf3 Rac8 19. Rxc8 Rxc8 20. Bxe4 Bxe4 21. a3 Bd5 22. Qd2 Qg4 23. Bc3 h5 24. Qf2 h4 25. h3 Qg6 26. Nf3 Bxf3 27. Qxf3 Bxa3 28. Qb7 Rc4 29. Qxa6 Bc5 30. Qa8+ Kh7 31. Qf3 Qg3 32. Qxg3 hxg3 33. Rf3 b4 34. Be1 Rc2 35. Rxg3 Rxb2 36. Kf1 b3 37. Rxg7+ Kh6 38. Rxf7 Rc2 39. Rb7 b2 40. g4 Bxe3 41. f5 exf5 42. gxf5 Bd4 43. f6 Bxf6 44. Rb6 Kg7 45. Rb7+ Kg6 46. Rb6 Kf5 47. h4 Rc1 48. Rxb2 Bxb2 49. Ke2 Ke4 50. Kd2 Rc5 51. Bf2 Bc3+ 52. Ke2 Bd4 53. Bg3 Rc2+ 54. Kd1 Rg2 55. Bd6 Be3 0-1

[Event "Sparkassen-Open A"]
[Site "Heusenstamm, Martinsee"]
[Date "2024.11.22"]
[Round "3.94"]
[White "Diehl, Stefan"]
[Black "Weidemann, Max"]
[Result "1-0"]
[WhiteElo "1865"]
[BlackElo "1556"]
[PlyCount "119"]
[EventDate "2024.11.21"]
[WhiteTeam "SC Eschborn 1974"]
[BlackTeam "Vorw.Orient Mainz"]

1. f4 d5 2. Nf3 g6 3. e3 Bg7 4. d4 Nf6 5. Bd3 O-O 6. O-O Nbd7 7. Nbd2 c5 8. c3 b6 9. Ne5 Bb7 10. Ndf3 Qc7 11. Bd2 Ne4 12. Nxd7 Qxd7 13. Ne5 Bxe5 14. fxe5 f5 15. Be1 a5 16. Qe2 c4 17. Bc2 b5 18. Qf3 e6 19. Qh3 Qg7 20. Kh1 g5 21. Bxe4 dxe4 22. Qh5 Qg6 23. Qe2 Bd5 24. Kg1 Rf7 25. a4 Rb8 26. Bd2 b4 27. cxb4 axb4 28. Qe1 b3 29. Qg3 h5 30. h4 Rg7 31. Qxg5 Qxg5 32. hxg5 Rxg5 33. a5 Kh7 34. Kh2 Rbg8 35. Rf2 Rg4 36. a6 Rd8 37. Bb4 Rg7 38. Bc5 Rf7 39. a7 Rb7 40. Kh3 Kh6 41. g3 Kg5 42. Rh1 Rb5 43. Ra1 Rb7 44. Rh2 Rb5 45. Be7+ Kg6 46. g4 hxg4+ 47. Kg3 Rb7 48. Bc5 Rg7 49. Rah1 Kf7 50. Rh6 Rdg8 51. Rf6+ Ke8 52. Rxe6+ Kf7 53. Rf6+ Ke8 54. Rhh6 Rf7 55. Re6+ Kd8 56. Rd6+ Kc7 57. Rxd5 c3 58. bxc3 Ra8 59. Bb6+ Kb7 60. Rb5 1-0

[Event "Sparkassen-Open A"]
[Site "Heusenstamm, Martinsee"]
[Date "2024.11.22"]
[Round "3.95"]
[White "Moldenhauer, Lennart"]
[Black "Mukazhanov, Mansur"]
[Result "0-1"]
[WhiteElo "1784"]
[BlackElo "1862"]
[PlyCount "68"]
[EventDate "2024.11.21"]
[WhiteTeam "SV Oberursel"]
[BlackTeam "SC Rochade Saarlouis 1993 e.V."]

1. e4 c5 2. a3 g6 3. h4 d6 4. h5 Bg7 5. Nc3 gxh5 6. Bc4 Nf6 7. Nh3 Nc6 8. Nf4 Ne5 9. Ba2 c4 10. Nxh5 Nxh5 11. Qxh5 Bg4 12. Qg5 Bf6 13. Qe3 Be6 14. f4 Nc6 15. f5 Nd4 16. Kd1 Bd7 17. Nd5 e6 18. Nxf6+ Qxf6 19. Bxc4 exf5 20. exf5+ Kd8 21. d3 Rg8 22. Qf2 Nxf5 23. Rxh7 Rc8 24. Rxf7 Qg6 25. Rxd7+ Kxd7 26. Bxg8 Ra8 27. b4 Qh5+ 28. Kd2 Nh4 29. g3 Nf3+ 30. Kc3 Qe5+ 31. d4 Rc8+ 32. Kd3 Qf5+ 33. Ke3 Rc3+ 34. Ke2 Rxc2+ 0-1

[Event "Sparkassen-Open A"]
[Site "Heusenstamm, Martinsee"]
[Date "2024.11.22"]
[Round "3.96"]
[White "Sensoy, Emir"]
[Black "Faßler, Felix"]
[Result "1-0"]
[WhiteElo "1778"]
[BlackElo "1857"]
[PlyCount "103"]
[EventDate "2024.11.21"]
[WhiteTeam "MSA Zugzwang 82 e.V."]
[BlackTeam "SC Fulda"]

1. e4 c6 2. c4 d5 3. exd5 cxd5 4. cxd5 Nf6 5. Nc3 Nxd5 6. Nf3 Nc6 7. d4 g6 8. Bc4 Be6 9. Qb3 Nxc3 10. Bxe6 fxe6 11. bxc3 Qd5 12. Be3 Bg7 13. Rb1 O-O 14. Qxd5 exd5 15. Rxb7 e5 16. O-O exd4 17. Nxd4 Nxd4 18. Bxd4 Bxd4 19. cxd4 Rf4 20. Rd1 Rc8 21. g3 Rf7 22. Rdb1 Rc1+ 23. Rxc1 Rxb7 24. Rc5 Rd7 25. a4 Kf7 26. Kg2 Ke6 27. Rc6+ Kf5 28. Kf3 Rb7 29. g4+ Kg5 30. Kg3 h5 31. h4+ Kh6 32. gxh5 Kxh5 33. Rd6 Rb3+ 34. f3 Rb4 35. Rxd5+ Kh6 36. a5 Ra4 37. Kf4 a6 38. Ke4 Ra1 39. Rc5 Rh1 40. d5 Rxh4+ 41. Ke5 Kg7 42. Rc7+ Kf8 43. d6 Ke8 44. Ke6 Kd8 45. Ra7 Rc4 46. Ra8+ Rc8 47. Rxa6 g5 48. d7 Rb8 49. Rc6 g4 50. Rc8+ Rxc8 51. dxc8=Q+ Kxc8 52. fxg4 1-0

[Event "Sparkassen-Open A"]
[Site "Heusenstamm, Martinsee"]
[Date "2024.11.22"]
[Round "3.97"]
[White "Porstendörfer, Yannik"]
[Black "Raumanns, Niklas"]
[Result "0-1"]
[WhiteElo "1769"]
[BlackElo "1844"]
[PlyCount "68"]
[EventDate "2024.11.21"]
[WhiteTeam "SK 1982 Klingenberg e.V."]
[BlackTeam "SC Bergen-Enkheim 1922"]

1. d4 Nf6 2. Nc3 g6 3. e4 d6 4. Be3 Bg7 5. Qd2 O-O 6. Bh6 e5 7. Bxg7 Kxg7 8. O-O-O exd4 9. Qxd4 Nc6 10. Qd2 Be6 11. h4 h5 12. f3 a6 13. Be2 Ne5 14. Nd5 Bxd5 15. exd5 Qd7 16. Nh3 b5 17. Nf2 Rh8 18. b3 a5 19. f4 Neg4 20. Bxg4 hxg4 21. Qd4 Qf5 22. g3 Rh5 23. Rhe1 Qxd5 24. Qxd5 Nxd5 25. Nxg4 Nc3 26. Rd2 Nxa2+ 27. Kb2 Nb4 28. Re7 Rc5 29. Ne3 a4 30. g4 axb3 31. Kxb3 Nc6 32. Rd7 Kf8 33. Rd5 Na5+ 34. Kb4 Ke8 0-1

[Event "Sparkassen-Open A"]
[Site "Heusenstamm, Martinsee"]
[Date "2024.11.22"]
[Round "3.98"]
[White "Kramer, Lars"]
[Black "Ziska, Stephan"]
[Result "0-1"]
[WhiteElo "1704"]
[BlackElo "1834"]
[PlyCount "117"]
[EventDate "2024.11.21"]
[WhiteTeam "SF 1982 Ötzingen e.V."]
[BlackTeam "SF Bürstadt"]

1. e4 c5 2. Nf3 a6 3. d4 cxd4 4. Nxd4 e5 5. Nb3 Nf6 6. Bg5 Nc6 7. a3 Be7 8. Nc3 O-O 9. Be2 Nxe4 10. Bxe7 Nxc3 11. Qd6 Ne4 12. Bxd8 Nxd6 13. Bc7 Nf5 14. O-O-O Ncd4 15. Nxd4 Nxd4 16. Bc4 Nc6 17. Rhe1 Re8 18. Re3 b5 19. Bd5 Ra7 20. Bd6 Bb7 21. Bc5 Raa8 22. Rf3 Nd8 23. Re3 Rc8 24. Bd6 Bxd5 25. Rxd5 f6 26. f4 e4 27. Bb4 Rc7 28. Ba5 Rc8 29. g3 Rc6 30. Rxd7 Nf7 31. Bb4 Rec8 32. c3 f5 33. b3 R8c7 34. Rxc7 Rxc7 35. g4 g6 36. gxf5 gxf5 37. Kc2 Nd8 38. Rg3+ Rg7 39. Re3 Rg2+ 40. Kc1 Ne6 41. Bd6 Rf2 42. Rg3+ Kf7 43. Be5 Nxf4 44. Rg7+ Ke6 45. Bxf4 Rxf4 46. Rxh7 Rf3 47. Kd2 Ke5 48. Rh4 Rf2+ 49. Ke3 Rc2 50. Rh5 Rxc3+ 51. Ke2 Rxb3 52. Rh8 Rxa3 53. h4 Kf4 54. h5 Ra2+ 55. Kd1 Ke3 56. h6 Rh2 57. h7 b4 58. Ra8 Rxh7 59. Rxa6 0-1

[Event "Sparkassen-Open A"]
[Site "Heusenstamm, Martinsee"]
[Date "2024.11.22"]
[Round "3.99"]
[White "Mohr, Alwin"]
[Black "Sreeramulu, Aarush"]
[Result "0-1"]
[WhiteElo "1818"]
[BlackElo "1942"]
[PlyCount "104"]
[EventDate "2024.11.21"]
[WhiteTeam "SV Oberursel"]
[BlackTeam "SK Marburg 1931/72"]

1. e4 c6 2. d4 d5 3. e5 Bf5 4. h4 h5 5. Bd3 Bxd3 6. Qxd3 e6 7. Nf3 Qa5+ 8. c3 Qa6 9. Qc2 c5 10. Nbd2 Nd7 11. dxc5 Nxc5 12. c4 Rc8 13. O-O Ne7 14. b3 dxc4 15. Nxc4 Nd5 16. Rd1 b5 17. Ne3 Na4 18. Qd3 Nac3 19. Rd2 Be7 20. Nxd5 Nxd5 21. Bb2 Qb7 22. Kh2 O-O 23. Qe4 Qb8 24. Kh1 b4 25. Nd4 Nc3 26. Qf4 Rc5 27. Qh2 Rd8 28. f4 Rcd5 29. Nc6 Qc7 30. Rxd5 Rxd5 31. Nxe7+ Qxe7 32. Qg3 Rd2 33. Bxc3 bxc3 34. Qxc3 Qxh4+ 35. Qh3 Qxf4 36. Qxh5 Qf2 37. Qf3 Qh4+ 38. Qh3 Qxh3+ 39. gxh3 Re2 40. Rc1 Rxa2 41. Rc7 Ra3 42. Rb7 Ra5 43. Kg2 a6 44. Rb6 Rb5 45. Rxb5 axb5 46. Kf3 Kh7 47. Ke4 f5+ 48. exf6 gxf6 49. b4 f5+ 50. Kd4 f4 51. Kc5 f3 52. Kxb5 f2 0-1